[Event "Palafrugell Gelpi Memorial 28th"]
[Site "Palafrugell"]
[Date "2015.??.??"]
[Round "4"]
[White "Llausas Frigola, Jordi"]
[Black "Barneda Ciurana, Jordi"]
[Result "0-1"]
[WhiteElo "1814"]
[BlackElo "2062"]
[PlyCount "82"]
[EventDate "2015.09.26"]
[EventType "swiss"]
[EventRounds "9"]
[EventCountry "ESP"]
[SourceTitle "EXT 2017"]
[Source "ChessBase"]
[SourceDate "2016.10.25"]
[SourceVersion "1"]
[SourceVersionDate "2016.10.25"]
[SourceQuality "1"]

1. d4 d5 2. Nf3 e6 3. a3 Nf6 4. c4 c6 5. e3 Be7 6. Nc3 0-0 7. Bd3 dxc4 8. Bxc4 Nbd7 9. 0-0 Nb6 10. Be2 Qc7 11. Qc2 Nbd5 12. e4 Nxc3 13. bxc3 c5 14. e5 Nd5 15. Bd3 h6 16. c4 Nb6 17. dxc5 Bxc5 18. Bb2 Bd7 19. Qe2 Rfd8 20. Qe4 g6 21. Kh1 Bc6 22. Qe2 Na4 23. Bc1 Bxf3 24. Qxf3 Qxe5 25. Bxh6 Rd7 26. Bf4 Qc3 27. Be2 Qxf3 28. Bxf3 Bd4 29. Rab1 Nc5 30. Rfd1 Rad8 31. Bg3 f6 32. h3 Kf7 33. Kg1 Ke7 34. Kf1 g5 35. Rb5 a6 36. Rbb1 f5 37. Be2 f4 38. Bh2 Ne4 39. Bg1 Nc3 40. Rxd4 Nxb1 41. Re4 Nd2+ 0-1

[Event "Palafrugell Gelpi Memorial 28th"]
[Site "Palafrugell"]
[Date "2015.??.??"]
[Round "2"]
[White "Llausas Frigola, Jordi"]
[Black "Plaja Janoher, Joan"]
[Result "1-0"]
[WhiteElo "1814"]
[BlackElo "1677"]
[PlyCount "56"]
[EventDate "2015.09.26"]
[EventType "swiss"]
[EventRounds "9"]
[EventCountry "ESP"]
[SourceTitle "EXT 2017"]
[Source "ChessBase"]
[SourceDate "2016.10.25"]
[SourceVersion "1"]
[SourceVersionDate "2016.10.25"]
[SourceQuality "1"]

1. d4 d5 2. Nf3 Nc6 3. e3 Nf6 4. Be2 e6 5. a3 Na5 6. 0-0 c5 7. dxc5 Bxc5 8. b4 Bb6 9. bxa5 Bxa5 10. c4 0-0 11. cxd5 Re8 12. Qb3 Qc7 13. Bb2 Ng4 14. g3 exd5 15. Qc3 f6 16. Qxc7 Bxc7 17. Nc3 Be6 18. Rfd1 Bd6 19. Nd4 Bd7 20. Nxd5 Be6 21. Rac1 Rac8 22. Rxc8 Rxc8 23. Rc1 Rxc1+ 24. Bxc1 Kf7 25. Nb5 Bb8 26. e4 Ne5 27. f4 Nf3+ 28. Bxf3 Bxd5 1-0

[Event "Santa Eugenia op 8th"]
[Site "Girona"]
[Date "2013.08.??"]
[Round "6.6"]
[White "Llausas Frigola, Jordi"]
[Black "Burset Camps, Guillem"]
[Result "1/2-1/2"]
[WhiteElo "1667"]
[BlackElo "1698"]
[PlyCount "83"]
[EventDate "2013.08.19"]
[EventType "swiss"]
[EventRounds "9"]
[EventCountry "ESP"]
[SourceTitle "EXT 2024"]
[Source "ChessBase"]
[SourceDate "2023.10.10"]
[SourceVersion "1"]
[SourceVersionDate "2023.10.10"]
[SourceQuality "1"]

1. b3 e5 2. Bb2 d6 3. c4 Nc6 4. Nc3 Nf6 5. d3 Be7 6. Nf3 0-0 7. e3 Bg4 8. Be2 d5 9. cxd5 Nxd5 10. 0-0 Nxc3 11. Bxc3 Bf6 12. Qc2 Qe7 13. a3 Bf5 14. Nd2 g6 15. b4 a6 16. Bf3 Qd7 17. Ne4 Bg7 18. Nc5 Qc8 19. a4 Ra7 20. b5 Nb8 21. Qb2 b6 22. Ne4 Nd7 23. d4 exd4 24. Bxd4 Bxd4 25. Qxd4 Re8 26. Rfc1 Bxe4 27. Bxe4 Nc5 28. Bc2 axb5 29. axb5 Rxa1 30. Rxa1 c6 31. bxc6 Qxc6 32. Rd1 Ne6 33. Qd7 Qxd7 34. Rxd7 Rc8 35. Rd2 Nc5 36. g3 Ne6 37. Ba4 Rb8 38. Rb2 Kf8 39. Bd7 Ke7 40. Bxe6 Kxe6 41. Kf1 b5 42. Ke2 1/2-1/2